<?xml version="1.0" encoding="UTF-8"?>
<collection xmlns="http://www.loc.gov/MARC21/slim">
 <record>
  <leader>02410nam a22003017a 4500</leader>
  <controlfield tag="001">NCT_16643</controlfield>
  <controlfield tag="008">171014b        xxu||||| |||| 00| 0 vie d</controlfield>
  <datafield tag="999" ind1=" " ind2=" ">
   <subfield code="c">786</subfield>
   <subfield code="d">786</subfield>
  </datafield>
  <datafield tag="082" ind1="0" ind2="4">
   <subfield code="2">23rd ed.</subfield>
   <subfield code="a">657.7</subfield>
   <subfield code="b">Nh300</subfield>
  </datafield>
  <datafield tag="100" ind1="1" ind2=" ">
   <subfield code="a">Võ Văn Nhị</subfield>
   <subfield code="e">Chủ biên</subfield>
  </datafield>
  <datafield tag="245" ind1="1" ind2="0">
   <subfield code="a">450 tình huống kế toán tài chính</subfield>
   <subfield code="b">(Hướng dẫn thực hành bài tập kế toán)</subfield>
   <subfield code="c">Võ Văn Nhị (chủ biên), Nguyễn Ngọc Dung, Nguyễn Xuân Hưng</subfield>
  </datafield>
  <datafield tag="250" ind1=" " ind2=" ">
   <subfield code="a">Tái bản lần 3</subfield>
  </datafield>
  <datafield tag="260" ind1=" " ind2=" ">
   <subfield code="a">H.</subfield>
   <subfield code="b">Tài chính</subfield>
  </datafield>
  <datafield tag="653" ind1=" " ind2=" ">
   <subfield code="a">Kế toán</subfield>
  </datafield>
  <datafield tag="700" ind1="1" ind2=" ">
   <subfield code="a">Nguyễn Ngọc Dung</subfield>
  </datafield>
  <datafield tag="700" ind1="1" ind2=" ">
   <subfield code="a">Nguyễn Xuân Hưng</subfield>
  </datafield>
  <datafield tag="942" ind1=" " ind2=" ">
   <subfield code="2">ddc</subfield>
   <subfield code="c">BK</subfield>
  </datafield>
  <datafield tag="952" ind1=" " ind2=" ">
   <subfield code="0">0</subfield>
   <subfield code="1">0</subfield>
   <subfield code="2">ddc</subfield>
   <subfield code="4">0</subfield>
   <subfield code="6">657_700000000000000_NH300</subfield>
   <subfield code="7">0</subfield>
   <subfield code="9">2598</subfield>
   <subfield code="a">000001</subfield>
   <subfield code="b">000001</subfield>
   <subfield code="d">2017-11-03</subfield>
   <subfield code="l">2</subfield>
   <subfield code="o">657.7 Nh300</subfield>
   <subfield code="p">MD.07425</subfield>
   <subfield code="r">2019-06-19</subfield>
   <subfield code="s">2019-05-02</subfield>
   <subfield code="v">69000.00</subfield>
   <subfield code="w">2017-11-03</subfield>
   <subfield code="y">BK</subfield>
  </datafield>
  <datafield tag="952" ind1=" " ind2=" ">
   <subfield code="0">0</subfield>
   <subfield code="1">0</subfield>
   <subfield code="2">ddc</subfield>
   <subfield code="4">0</subfield>
   <subfield code="6">657_700000000000000_NH300</subfield>
   <subfield code="7">0</subfield>
   <subfield code="9">2599</subfield>
   <subfield code="a">000001</subfield>
   <subfield code="b">000001</subfield>
   <subfield code="d">2017-11-03</subfield>
   <subfield code="l">1</subfield>
   <subfield code="o">657.7 Nh300</subfield>
   <subfield code="p">MD.07410</subfield>
   <subfield code="q">2018-10-30</subfield>
   <subfield code="r">2018-10-16</subfield>
   <subfield code="s">2018-10-16</subfield>
   <subfield code="v">69000.00</subfield>
   <subfield code="w">2017-11-03</subfield>
   <subfield code="y">BK</subfield>
  </datafield>
  <datafield tag="952" ind1=" " ind2=" ">
   <subfield code="0">0</subfield>
   <subfield code="1">0</subfield>
   <subfield code="2">ddc</subfield>
   <subfield code="4">0</subfield>
   <subfield code="6">657_700000000000000_NH300</subfield>
   <subfield code="7">0</subfield>
   <subfield code="9">2600</subfield>
   <subfield code="a">000001</subfield>
   <subfield code="b">000001</subfield>
   <subfield code="d">2017-11-03</subfield>
   <subfield code="l">5</subfield>
   <subfield code="o">657.7 Nh300</subfield>
   <subfield code="p">MD.07413</subfield>
   <subfield code="r">2021-05-05</subfield>
   <subfield code="s">2021-04-28</subfield>
   <subfield code="v">69000.00</subfield>
   <subfield code="w">2017-11-03</subfield>
   <subfield code="y">BK</subfield>
  </datafield>
  <datafield tag="952" ind1=" " ind2=" ">
   <subfield code="0">0</subfield>
   <subfield code="1">0</subfield>
   <subfield code="2">ddc</subfield>
   <subfield code="4">0</subfield>
   <subfield code="6">657_700000000000000_NH300</subfield>
   <subfield code="7">0</subfield>
   <subfield code="9">2601</subfield>
   <subfield code="a">000001</subfield>
   <subfield code="b">000001</subfield>
   <subfield code="d">2017-11-03</subfield>
   <subfield code="l">4</subfield>
   <subfield code="o">657.7 Nh300</subfield>
   <subfield code="p">MD.07416</subfield>
   <subfield code="r">2021-05-03</subfield>
   <subfield code="s">2021-04-14</subfield>
   <subfield code="v">69000.00</subfield>
   <subfield code="w">2017-11-03</subfield>
   <subfield code="y">BK</subfield>
  </datafield>
  <datafield tag="952" ind1=" " ind2=" ">
   <subfield code="0">0</subfield>
   <subfield code="1">0</subfield>
   <subfield code="2">ddc</subfield>
   <subfield code="4">0</subfield>
   <subfield code="6">657_700000000000000_NH300</subfield>
   <subfield code="7">0</subfield>
   <subfield code="9">2602</subfield>
   <subfield code="a">000001</subfield>
   <subfield code="b">000001</subfield>
   <subfield code="d">2017-11-03</subfield>
   <subfield code="l">1</subfield>
   <subfield code="o">657.7 Nh300</subfield>
   <subfield code="p">MD.07419</subfield>
   <subfield code="r">2018-11-30</subfield>
   <subfield code="s">2018-11-15</subfield>
   <subfield code="v">69000.00</subfield>
   <subfield code="w">2017-11-03</subfield>
   <subfield code="y">BK</subfield>
  </datafield>
  <datafield tag="952" ind1=" " ind2=" ">
   <subfield code="0">0</subfield>
   <subfield code="1">0</subfield>
   <subfield code="2">ddc</subfield>
   <subfield code="4">0</subfield>
   <subfield code="6">657_700000000000000_NH300</subfield>
   <subfield code="7">0</subfield>
   <subfield code="9">2603</subfield>
   <subfield code="a">000001</subfield>
   <subfield code="b">000001</subfield>
   <subfield code="d">2017-11-03</subfield>
   <subfield code="l">1</subfield>
   <subfield code="o">657.7 Nh300</subfield>
   <subfield code="p">MD.07401</subfield>
   <subfield code="r">2019-11-29</subfield>
   <subfield code="s">2019-11-15</subfield>
   <subfield code="v">69000.00</subfield>
   <subfield code="w">2017-11-03</subfield>
   <subfield code="y">BK</subfield>
  </datafield>
  <datafield tag="952" ind1=" " ind2=" ">
   <subfield code="0">0</subfield>
   <subfield code="1">0</subfield>
   <subfield code="2">ddc</subfield>
   <subfield code="4">0</subfield>
   <subfield code="6">657_700000000000000_NH300</subfield>
   <subfield code="7">0</subfield>
   <subfield code="9">2604</subfield>
   <subfield code="a">000001</subfield>
   <subfield code="b">000001</subfield>
   <subfield code="d">2017-11-03</subfield>
   <subfield code="l">2</subfield>
   <subfield code="o">657.7 Nh300</subfield>
   <subfield code="p">MD.07404</subfield>
   <subfield code="r">2020-12-09</subfield>
   <subfield code="s">2019-10-22</subfield>
   <subfield code="v">69000.00</subfield>
   <subfield code="w">2017-11-03</subfield>
   <subfield code="y">BK</subfield>
  </datafield>
  <datafield tag="952" ind1=" " ind2=" ">
   <subfield code="0">0</subfield>
   <subfield code="1">0</subfield>
   <subfield code="2">ddc</subfield>
   <subfield code="4">0</subfield>
   <subfield code="6">657_700000000000000_NH300</subfield>
   <subfield code="7">0</subfield>
   <subfield code="9">2605</subfield>
   <subfield code="a">000001</subfield>
   <subfield code="b">000001</subfield>
   <subfield code="d">2017-11-03</subfield>
   <subfield code="l">3</subfield>
   <subfield code="o">657.7 Nh300</subfield>
   <subfield code="p">MD.07422</subfield>
   <subfield code="r">2021-05-05</subfield>
   <subfield code="s">2021-04-28</subfield>
   <subfield code="v">69000.00</subfield>
   <subfield code="w">2017-11-03</subfield>
   <subfield code="y">BK</subfield>
  </datafield>
  <datafield tag="952" ind1=" " ind2=" ">
   <subfield code="0">0</subfield>
   <subfield code="1">0</subfield>
   <subfield code="2">ddc</subfield>
   <subfield code="4">0</subfield>
   <subfield code="6">657_700000000000000_NH300</subfield>
   <subfield code="7">0</subfield>
   <subfield code="9">2606</subfield>
   <subfield code="a">000001</subfield>
   <subfield code="b">000001</subfield>
   <subfield code="d">2017-11-03</subfield>
   <subfield code="l">2</subfield>
   <subfield code="o">657.7 Nh300</subfield>
   <subfield code="p">MD.07428</subfield>
   <subfield code="r">2021-05-05</subfield>
   <subfield code="s">2021-04-28</subfield>
   <subfield code="v">69000.00</subfield>
   <subfield code="w">2017-11-03</subfield>
   <subfield code="y">BK</subfield>
  </datafield>
  <datafield tag="952" ind1=" " ind2=" ">
   <subfield code="0">0</subfield>
   <subfield code="1">0</subfield>
   <subfield code="2">ddc</subfield>
   <subfield code="4">0</subfield>
   <subfield code="6">657_700000000000000_NH300</subfield>
   <subfield code="7">0</subfield>
   <subfield code="9">2607</subfield>
   <subfield code="a">000001</subfield>
   <subfield code="b">000001</subfield>
   <subfield code="d">2017-11-03</subfield>
   <subfield code="l">1</subfield>
   <subfield code="o">657.7 Nh300</subfield>
   <subfield code="p">MD.07407</subfield>
   <subfield code="r">2018-10-16</subfield>
   <subfield code="s">2018-10-16</subfield>
   <subfield code="v">69000.00</subfield>
   <subfield code="w">2017-11-03</subfield>
   <subfield code="y">BK</subfield>
  </datafield>
  <datafield tag="980" ind1=" " ind2=" ">
   <subfield code="a">Thư viện Trường Đại học Nam Cần Thơ</subfield>
  </datafield>
 </record>
</collection>
